Διαδραστικό παραμύθι : μεταπτυχιακή διατριβή

Αποθηκεύτηκε σε:
Λεπτομέρειες βιβλιογραφικής εγγραφής
Κύριος συγγραφέας: Αμανατίδου, Χρυσή-Μιχαέλα
Συγγραφή απο Οργανισμό/Αρχή: Πανεπιστήμιο Αιγαίου. Σχολή Κοινωνικών Επιστημών. Τμήμα Πολιτισμικής Τεχνολογίας και Επικοινωνίας. Πρόγραμμα Μεταπτυχιακών Σπουδών Πολιτισμική Πληροφορική και Επικοινωνία
Άλλοι συγγραφείς: Παπαγεωργίου, Δημήτρης (dgs [Επιβλέπων καθηγητής])
Μορφή: Thesis Βιβλίο
Γλώσσα:Greek
Δημοσίευση: 2016.
Θέματα:
Ετικέτες: Προσθήκη ετικέτας
Δεν υπάρχουν, Καταχωρήστε ετικέτα πρώτοι!

MARC

LEADER 00000cam a2200000 a 4500
001 1/114619
008 170809s2016####gr | ||| |||| ||gre||
040 |a GR-MyUa  |b gre  |c GR-MyUa  |e AACR2 
041 0 |a gre 
082 7 |a 006.7  |2 (23) 
100 1 |a Αμανατίδου, Χρυσή-Μιχαέλα. 
245 1 0 |a Διαδραστικό παραμύθι :   |b μεταπτυχιακή διατριβή /   |c Αμανατίδου Χρυσή Μιχαέλα ; επιβλέπων: Παπαγεωργίου Δημήτριος.  
260 |c 2016.  
300 |a 50 σ. :   |b εικ. ;   |c 30 εκ.  
500 |a Τριμελής συμβουλευτική επιτροπή: Παπαγεωργίου Δημήτριος, Στάθη Ειρήνη, Νταραντούμης Αθανάσιος.  
502 |a Διατριβή (μεταπτυχιακή) - Πανεπιστήμιο Αιγαίου, Λέσβος, 2016.  
504 |a Περιλαμβάνει βιβλιογραφία και παράρτημα.  
506 1 |a Ηλεκτρονική διάθεση μόνο λέξεων κλειδιών - περιλήψεων.  
650 0 |a Fairy tales  |x Interactive multimedia. 
650 0 |a Literature and technology. 
650 0 |a Animation (Cinematography) 
650 0 |a Storytelling. 
700 1 |a Παπαγεωργίου, Δημήτρης,  |e dgs [Επιβλέπων καθηγητής] 
710 2 |a Πανεπιστήμιο Αιγαίου.   |b Σχολή Κοινωνικών Επιστημών.   |b Τμήμα Πολιτισμικής Τεχνολογίας και Επικοινωνίας.   |b Πρόγραμμα Μεταπτυχιακών Σπουδών Πολιτισμική Πληροφορική και Επικοινωνία. 
852 |a INST  |b LESVOS  |c DIATR  |e 20170809  |h 630  |p 005100059678  |q 005100059678  |t MTXE  |y 23 
924 |a Αμανατίδου   |b Χρυσή-Μιχαέλα  |y Λέσβος  |z 2016-05 
970 |a Πατσή   |b Ανθίππη  |z 09-08-2017